000
00213nam a2200085Ia 4500
008
200302s9999 xx 000 0 und d
100
_a
Nigel Cross & Other
245
_a
Designing the Future
260
_b
The Open University
999
_c
534
_d
534